The hungry lions ; [poems].

Bibliographic Details
Main Author: De Longchamps, Joanne
Format: Book
Language:English
Published: Bloomington : Indiana University Press, 1963.
Series:Indiana University poetry series ; 25.

MARC

Tag First Indicator Second Indicator Subfields
LEADER 00000cam a2200000 4500
001 in00000031856
005 20151007063136.0
008 760706s1963 inu 00000 eng
010 |a  63009725  
035 |a (OCoLC)02298692 
035 |9 AAD6666AM 
040 |a DLC  |c FHM  |d TXA  |d UtOrBLW 
049 |a TXAM  |c [361134] 
050 0 |a PS3507.E527  |b H8 
082 0 |a 811.54 
092 |a 811  |b D361h 
100 1 |a De Longchamps, Joanne. 
245 1 4 |a The hungry lions ;  |b [poems]. 
264 1 |a Bloomington :  |b Indiana University Press,  |c 1963. 
300 |a 60 pages ;  |c 21 cm. 
336 |a text  |b txt  |2 rdacontent 
337 |a unmediated  |b n  |2 rdamedia 
338 |a volume  |b nc  |2 rdacarrier 
490 1 |a Indiana University poetry series ;  |v 25 
830 0 |a Indiana University poetry series ;  |v 25. 
999 |a MARS 
999 f f |s 85c42009-2e96-3691-a92f-055c20d104d7  |i 03b073d5-9ece-3296-9b5c-05ff938791a5  |t 0 
952 f f |p ric  |a Texas A&M University  |b Rellis Campus  |c Joint Library Facility  |d Remote Storage  |t 0  |e PS3507.E527 H8  |h Library of Congress classification  |i unmediated -- volume  |m A14801214609 
998 f f |a PS3507.E527 H8  |t 0  |l Remote Storage